[Event "Prague Holiday K21"]
[Site "Prague"]
[Date "2015.07.31"]
[Round "9"]
[White "Mackova, Veronika"]
[Black "Strakos, Tomas"]
[Result "1-0"]
[WhiteElo "1701"]
[BlackElo "1721"]
[PlyCount "63"]
[EventDate "2015.07.26"]
[EventType "tourn"]
[EventRounds "9"]
[EventCountry "CZE"]
[SourceTitle "EXT 2017"]
[Source "ChessBase"]
[SourceDate "2016.10.25"]
[SourceVersion "1"]
[SourceVersionDate "2016.10.25"]
[SourceQuality "1"]

1. e4 c5 2. Nf3 e6 3. d4 cxd4 4. Nxd4 Nc6 5. c4 Nf6 6. Nc3 a6 7. Be3 Bb4 8. Bd3 0-0 9. Nxc6 bxc6 10. Qc2 Ng4 11. Bf4 d6 12. Rd1 Qc7 13. 0-0 Ne5 14. Be2 Bxc3 15. Qxc3 f6 16. Bg3 c5 17. f4 Nc6 18. Bf2 e5 19. f5 Bb7 20. Qh3 Nd4 21. Bd3 a5 22. Be3 Bc6 23. Kh1 Qb7 24. Qh4 Qxb2 25. Rf2 Qb7 26. Rb1 Qc7 27. g4 Rab8 28. Rg1 h6 29. Qg3 Qe7 30. h4 Kh8 31. g5 Nxf5 32. Rxf5 1-0

[Event "Prague Holiday K21"]
[Site "Prague"]
[Date "2015.07.29"]
[Round "6"]
[White "Strakos, Tomas"]
[Black "Koubova, Anna Marie"]
[Result "0-1"]
[WhiteElo "1721"]
[BlackElo "1691"]
[PlyCount "68"]
[EventDate "2015.07.26"]
[EventType "tourn"]
[EventRounds "9"]
[EventCountry "CZE"]
[SourceTitle "EXT 2017"]
[Source "ChessBase"]
[SourceDate "2016.10.25"]
[SourceVersion "1"]
[SourceVersionDate "2016.10.25"]
[SourceQuality "1"]

1. d4 c5 2. d5 e5 3. dxe6 fxe6 4. e4 Nf6 5. e5 Nd5 6. c4 Nc7 7. Bd3 g6 8. Nf3 Nc6 9. Bg5 Be7 10. Bh6 d5 11. exd6 Qxd6 12. Nc3 Bf8 13. Ne4 Qd8 14. Bxf8 Rxf8 15. Nxc5 Qe7 16. Ne4 Bd7 17. c5 0-0-0 18. Qb3 Ne8 19. 0-0-0 e5 20. Qc3 Bf5 21. Rhe1 Bxe4 22. Bxe4 Rxd1+ 23. Rxd1 Nf6 24. Bxc6 bxc6 25. Qxe5 Qxe5 26. Nxe5 Kc7 27. f3 Nd5 28. g3 Rf5 29. Re1 Nb4 30. a3 Rxe5 31. Rxe5 Nd3+ 32. Kd2 Nxe5 33. Ke3 Kd7 34. f4 Nc4+ 0-1

[Event "Prague Golden op 10th"]
[Site "Prague"]
[Date "2014.06.29"]
[Round "9"]
[White "Prachar, Josef"]
[Black "Strakos, Tomas"]
[Result "1/2-1/2"]
[WhiteElo "1891"]
[BlackElo "1769"]
[PlyCount "49"]
[EventDate "2014.06.22"]
[EventType "swiss"]
[EventRounds "9"]
[EventCountry "CZE"]
[SourceTitle "CBM 161 Extra"]
[Source "ChessBase"]
[SourceDate "2014.08.29"]
[SourceVersion "1"]
[SourceVersionDate "2014.08.29"]
[SourceQuality "1"]

1. d4 Nf6 2. c4 g6 3. Nc3 Bg7 4. e4 d6 5. f4 c5 6. d5 0-0 7. Nf3 Qa5 8. Bd2 Qb6 9. Bd3 Nbd7 10. 0-0 e6 11. Kh1 exd5 12. exd5 Nh5 13. a4 Ndf6 14. Qc2 Bh6 15. Ng5 Ng7 16. Nce4 Nxe4 17. Nxe4 Qd8 18. Bc3 Nh5 19. g3 Bg7 20. Rae1 Bf5 21. Bxg7 Nxg7 22. Ng5 Qf6 23. Bxf5 gxf5 24. Nf3 Rfe8 25. a5 1/2-1/2

[Event "Prague Golden op 10th"]
[Site "Prague"]
[Date "2014.06.22"]
[Round "1"]
[White "Pribylova, Sofie"]
[Black "Strakos, Tomas"]
[Result "0-1"]
[WhiteElo "1558"]
[BlackElo "1769"]
[PlyCount "82"]
[EventDate "2014.06.22"]
[EventType "swiss"]
[EventRounds "9"]
[EventCountry "CZE"]
[SourceTitle "CBM 161 Extra"]
[Source "ChessBase"]
[SourceDate "2014.08.29"]
[SourceVersion "1"]
[SourceVersionDate "2014.08.29"]
[SourceQuality "1"]

1. d4 Nf6 2. c4 g6 3. Nc3 Bg7 4. e4 d6 5. Nge2 0-0 6. Ng3 e5 7. d5 a5 8. Be2 Na6 9. Be3 Bd7 10. 0-0 Nc5 11. a3 a4 12. Bxc5 dxc5 13. Bd3 h5 14. h3 h4 15. Nge2 Nh5 16. Bc2 Qg5 17. Kh2 f5 18. Bxa4 Bxa4 19. Nxa4 Qe7 20. Nac3 Bh6 21. Ng1 Ra6 22. Nf3 Bf4+ 23. Kh1 Kg7 24. Qd3 Kh6 25. Ne2 Rb6 26. Rab1 g5 27. Nxf4 Nxf4 28. Qe3 g4 29. hxg4 fxg4 30. Ng1 Kg7 31. Ne2 Rh6 32. Kg1 Rff6 33. Rfd1 Qf8 34. Kf1 h3 35. gxh3 Rxh3 36. Ng3 Qh8 37. Ke1 Ng2+ 38. Ke2 Nxe3 39. Kxe3 Rf3+ 40. Ke2 Rhxg3 41. fxg3 Qh2+ 0-1

[Event "Czech Fed-ch opA"]
[Site "Hrdonov"]
[Date "2013.11.02"]
[Round "9"]
[White "Bobek, Daniel"]
[Black "Strakos, Tomas"]
[Result "1/2-1/2"]
[WhiteElo "1694"]
[BlackElo "1814"]
[PlyCount "40"]
[EventDate "2013.10.26"]
[EventType "swiss"]
[EventRounds "9"]
[EventCountry "CZE"]
[SourceTitle "EXT 2016"]
[Source "ChessBase"]
[SourceDate "2015.10.08"]
[SourceVersion "1"]
[SourceVersionDate "2015.10.08"]
[SourceQuality "1"]

1. e4 c5 2. Nf3 e6 3. d4 cxd4 4. Nxd4 Nc6 5. Nc3 Qc7 6. Be2 a6 7. 0-0 Nf6 8. Kh1 Nxd4 9. Qxd4 Bc5 10. Qd3 0-0 11. Bg5 b5 12. f4 Ne8 13. Qh3 Bb7 14. Bd3 f6 15. e5 f5 16. Bh4 Rf7 17. Bf2 Rc8 18. Qg3 Qb6 19. Rae1 Nc7 20. Bxc5 Qxc5 1/2-1/2

[Event "Czech Fed-ch opA"]
[Site "Hrdonov"]
[Date "2013.11.01"]
[Round "8"]
[White "Strakos, Tomas"]
[Black "Hanzlik, Daniel"]
[Result "1/2-1/2"]
[WhiteElo "1814"]
[BlackElo "1772"]
[PlyCount "21"]
[EventDate "2013.10.26"]
[EventType "swiss"]
[EventRounds "9"]
[EventCountry "CZE"]
[SourceTitle "EXT 2016"]
[Source "ChessBase"]
[SourceDate "2015.10.08"]
[SourceVersion "1"]
[SourceVersionDate "2015.10.08"]
[SourceQuality "1"]

1. d4 Nf6 2. c4 g6 3. Nc3 Bg7 4. e4 d6 5. Nf3 0-0 6. Be2 Na6 7. 0-0 e5 8. Re1 Bg4 9. h3 Bxf3 10. Bxf3 exd4 11. Qxd4 1/2-1/2

[Event "Kouty nad Desnou op-F"]
[Site "Kouty nad Desnou"]
[Date "2013.03.09"]
[Round "1"]
[White "Strakos, Tomas"]
[Black "Walek, Petr"]
[Result "0-1"]
[WhiteElo "1759"]
[BlackElo "2005"]
[PlyCount "36"]
[EventDate "2013.03.09"]
[EventType "swiss"]
[EventRounds "9"]
[EventCountry "CZE"]
[SourceTitle "EXT 2015"]
[Source "ChessBase"]
[SourceDate "2014.11.20"]
[SourceVersion "1"]
[SourceVersionDate "2014.11.20"]
[SourceQuality "1"]

1. d4 Nf6 2. c4 g6 3. Nc3 Bg7 4. e4 d6 5. Nf3 0-0 6. h3 e5 7. Be3 Nc6 8. d5 Ne7 9. Qd2 Nd7 10. g4 f5 11. Bh6 Bxh6 12. Qxh6 f4 13. 0-0-0 Kh8 14. g5 Nc5 15. Bd3 a5 16. Nb5 Bf5 17. exf5 Nxd3+ 18. Rxd3 Nxf5 0-1

[Event "Brno op 3rd"]
[Site "Brno"]
[Date "2012.11.12"]
[Round "3"]
[White "Svoboda, Ivo"]
[Black "Strakos, Tomas"]
[Result "1-0"]
[WhiteElo "2005"]
[BlackElo "1758"]
[PlyCount "57"]
[EventDate "2012.11.10"]
[EventType "swiss"]
[EventRounds "9"]
[EventCountry "CZE"]
[SourceTitle "CBM 151 Extra"]
[Source "ChessBase"]
[SourceDate "2012.12.18"]
[SourceVersion "1"]
[SourceVersionDate "2012.12.18"]
[SourceQuality "1"]

1. e4 c5 2. Nf3 d6 3. d4 cxd4 4. Nxd4 Nf6 5. Nc3 a6 6. Be3 e5 7. Nb3 Be6 8. f3 Nbd7 9. Qd2 Qc7 10. g4 Nb6 11. 0-0-0 Nfd7 12. Kb1 Be7 13. h4 Nc4 14. Bxc4 Bxc4 15. h5 0-0-0 16. Qf2 b5 17. Nd5 Bxd5 18. Rxd5 Kb7 19. Rhd1 Nc5 20. Qd2 Kc8 21. Qb4 Ne6 22. R1d3 Nc5 23. Nxc5 dxc5 24. Bxc5 Rxd5 25. Rxd5 Re8 26. a4 Kb7 27. axb5 a5 28. Qd2 Bxc5 29. Rd7 1-0

[Event "Brno op 3rd"]
[Site "Brno"]
[Date "2012.11.10"]
[Round "1"]
[White "Wojtczak, Maciej"]
[Black "Strakos, Tomas"]
[Result "1-0"]
[WhiteElo "2219"]
[BlackElo "1758"]
[PlyCount "65"]
[EventDate "2012.11.10"]
[EventType "swiss"]
[EventRounds "9"]
[EventCountry "CZE"]
[SourceTitle "CBM 151 Extra"]
[Source "ChessBase"]
[SourceDate "2012.12.18"]
[SourceVersion "1"]
[SourceVersionDate "2012.12.18"]
[SourceQuality "1"]

1. Nf3 Nf6 2. c4 g6 3. g3 d5 4. cxd5 Nxd5 5. Bg2 Nb6 6. h4 h5 7. 0-0 Bg7 8. Nc3 Nc6 9. a3 a5 10. Na4 Nc4 11. d3 Nd6 12. Bd2 0-0 13. Bc3 e5 14. e3 Bg4 15. Qc2 Qe7 16. Nc5 Ra7 17. Ng5 Nd8 18. Rac1 b6 19. Nce4 Nxe4 20. Nxe4 c5 21. Rfe1 a4 22. b4 Be6 23. Qb2 f5 24. Ng5 Bb3 25. bxc5 bxc5 26. d4 cxd4 27. exd4 e4 28. Bb4 Qf6 29. Bc5 Rd7 30. Bf1 Re8 31. Bc4+ Nf7 32. Bxb3 axb3 33. Qxb3 1-0

[Event "Rychnov Seniors op"]
[Site "Rychnov nad Kneznou"]
[Date "2012.08.20"]
[Round "1"]
[White "Strakos, Tomas"]
[Black "Vitek, Vaclav"]
[Result "1/2-1/2"]
[WhiteElo "1733"]
[BlackElo "2053"]
[PlyCount "37"]
[EventDate "2012.08.20"]
[EventType "swiss"]
[EventRounds "9"]
[EventCountry "CZE"]
[SourceTitle "CBM 150 Extra"]
[Source "ChessBase"]
[SourceDate "2012.10.19"]
[SourceVersion "1"]
[SourceVersionDate "2012.10.19"]
[SourceQuality "1"]

1. d4 d5 2. c4 Nc6 3. e3 e5 4. dxe5 d4 5. a3 Bf5 6. Nf3 dxe3 7. Qxd8+ Rxd8 8. Bxe3 Na5 9. Nbd2 c5 10. 0-0-0 h6 11. Nh4 Bh7 12. f4 b6 13. Be2 Be7 14. Nhf3 f6 15. Rhf1 fxe5 16. fxe5 Bg6 17. h3 Bh7 18. g4 g5 19. Bg1 1/2-1/2

[Event "Bad Griesbach Seniors op 14th"]
[Site "Bad Griesbach"]
[Date "2011.12.09"]
[Round "6"]
[White "Simmon, Norbert"]
[Black "Strakos, Tomas"]
[Result "0-1"]
[WhiteElo "1580"]
[BlackElo "1763"]
[PlyCount "56"]
[EventDate "2011.12.04"]
[EventType "swiss"]
[EventRounds "7"]
[EventCountry "GER"]
[SourceTitle "EXT 2015"]
[Source "ChessBase"]
[SourceDate "2014.11.20"]
[SourceVersion "1"]
[SourceVersionDate "2014.11.20"]
[SourceQuality "1"]

1. g3 Nf6 2. Bg2 d5 3. d4 g6 4. Nf3 Bg7 5. 0-0 0-0 6. Nbd2 c6 7. c4 Nbd7 8. b3 Re8 9. Bb2 h6 10. Rc1 Ne4 11. cxd5 cxd5 12. Nb1 Ndf6 13. h3 Bd7 14. Ne5 Rc8 15. Nxd7 Qxd7 16. Qd3 a6 17. f3 Nxg3 18. Rfe1 Ngh5 19. e3 Rxc1 20. Rxc1 Rc8 21. Nc3 e6 22. Rf1 Bf8 23. Ne2 Bd6 24. e4 Nf4 25. Nxf4 Bxf4 26. Bc3 Qb5 27. Qxb5 axb5 28. Be1 Rc2 0-1

[Event "Rychnov op"]
[Site "Rychnov nad Kneznou"]
[Date "2010.08.24"]
[Round "2"]
[White "Zikmund, Jaroslav"]
[Black "Strakos, Tomas"]
[Result "1/2-1/2"]
[WhiteElo "1940"]
[BlackElo "1809"]
[PlyCount "30"]
[EventDate "2010.08.23"]
[EventType "swiss"]
[EventRounds "7"]
[EventCountry "CZE"]
[SourceTitle "CBM 138 Extra"]
[Source "ChessBase"]
[SourceDate "2010.10.29"]
[SourceVersion "1"]
[SourceVersionDate "2010.10.29"]
[SourceQuality "1"]

1. d4 Nf6 2. c4 g6 3. Nc3 Bg7 4. e4 d6 5. Nf3 0-0 6. Bd3 Nbd7 7. 0-0 e5 8. d5 a5 9. h3 Nc5 10. Bc2 Bd7 11. Be3 b6 12. Qd2 Ne8 13. Bh6 f6 14. Ne1 g5 15. Bxg7 Nxg7 1/2-1/2

[Event "Bad Griesbach Seniors op 12th"]
[Site "Bad Griesbach"]
[Date "2009.12.04"]
[Round "6"]
[White "Roesch, Alfred"]
[Black "Strakos, Tomas"]
[Result "1/2-1/2"]
[WhiteElo "1642"]
[BlackElo "1750"]
[PlyCount "81"]
[EventDate "2009.11.29"]
[EventType "swiss"]
[EventRounds "7"]
[EventCountry "GER"]
[SourceTitle "EXT 2015"]
[Source "ChessBase"]
[SourceDate "2014.11.20"]
[SourceVersion "1"]
[SourceVersionDate "2014.11.20"]
[SourceQuality "1"]

1. d4 Nf6 2. c4 g6 3. Nf3 Bg7 4. e3 0-0 5. Be2 d5 6. cxd5 Nxd5 7. 0-0 c6 8. h3 Qc7 9. Bd2 Nd7 10. Nc3 N7f6 11. Nxd5 Nxd5 12. Qc2 Qd6 13. Rfd1 f5 14. a3 Kh8 15. Rac1 Be6 16. Bf1 a5 17. Ng5 Bg8 18. e4 fxe4 19. Nxe4 Qd8 20. Bg5 Qb6 21. Nc5 Qc7 22. Bc4 Rf5 23. Bxd5 Bxd5 24. Be3 b6 25. Ne4 a4 26. Re1 b5 27. Ng3 Rf7 28. Qd2 Qd7 29. Qc3 Bc4 30. Qb4 Bf8 31. Qc3 Bg7 32. Qb4 h6 33. Rcd1 Rd8 34. Qd2 Kh7 35. Ne4 Qf5 36. Ng3 Qd5 37. Ne2 Qf5 38. Ng3 Qd5 39. Ne2 Qf5 40. Ng3 Qd7 41. Ne4 1/2-1/2

[Event "Bad Griesbach Seniors op 12th"]
[Site "Bad Griesbach"]
[Date "2009.12.01"]
[Round "3"]
[White "Strakos, Tomas"]
[Black "Dallmeier, Gerhard"]
[Result "1/2-1/2"]
[WhiteElo "1750"]
[BlackElo "1707"]
[PlyCount "62"]
[EventDate "2009.11.29"]
[EventType "swiss"]
[EventRounds "7"]
[EventCountry "GER"]
[SourceTitle "EXT 2015"]
[Source "ChessBase"]
[SourceDate "2014.11.20"]
[SourceVersion "1"]
[SourceVersionDate "2014.11.20"]
[SourceQuality "1"]

1. d4 Nf6 2. c4 d6 3. Nc3 g6 4. e4 Bg7 5. Nf3 0-0 6. Be2 Nbd7 7. h3 e5 8. d5 h6 9. Be3 Re8 10. Qc2 Nf8 11. g4 N6h7 12. Qd2 g5 13. 0-0-0 Ng6 14. Nh2 Nf4 15. Nf1 Ng2 16. Ng3 Nf8 17. Nf5 Ng6 18. Rdg1 N6f4 19. Bf3 Bxf5 20. Bxg2 Bd7 21. Bf1 Bf6 22. Kb1 Kg7 23. Ne2 b5 24. Ng3 bxc4 25. Bxc4 a5 26. Nf5+ Kg6 27. f3 Qb8 28. Rh2 Bb5 29. Qc2 Bd7 30. Ka1 a4 31. h4 Rh8 1/2-1/2

[Event "Harrachov op-A"]
[Site "Harrachov"]
[Date "2009.10.31"]
[Round "9"]
[White "Vojir, Vaclav Jr"]
[Black "Strakos, Tomas"]
[Result "1/2-1/2"]
[WhiteElo "1792"]
[BlackElo "1813"]
[PlyCount "77"]
[EventDate "2009.10.24"]
[EventType "swiss"]
[EventRounds "9"]
[EventCountry "CZE"]
[SourceTitle "EXT 2012"]
[Source "ChessBase"]
[SourceDate "2011.11.24"]
[SourceVersion "1"]
[SourceVersionDate "2011.11.24"]
[SourceQuality "1"]

1. d4 d5 2. c4 e6 3. Nc3 Nf6 4. Nf3 c6 5. Bg5 Nbd7 6. e3 h6 7. Bh4 Be7 8. Bd3 dxc4 9. Bxc4 Nd5 10. Bxe7 Qxe7 11. a3 Nxc3 12. bxc3 e5 13. 0-0 e4 14. Nd2 0-0 15. Qc2 Nf6 16. a4 Re8 17. Rfe1 Bf5 18. Bf1 Rad8 19. c4 Rd7 20. a5 c5 21. d5 Qd6 22. g3 Rc7 23. Qb2 Ng4 24. Ra3 h5 25. Bg2 Qg6 26. Rb3 Ree7 27. Rd1 Qd6 28. Nb1 Ne5 29. Na3 Nf3+ 30. Bxf3 exf3 31. Nb5 Qg6 32. Nxc7 Rxc7 33. d6 Rd7 34. Rxb7 Qg4 35. Rb8+ Kh7 36. Kf1 Qh3+ 37. Ke1 Qxh2 38. Rd5 Qg1+ 39. Kd2 1/2-1/2

[Event "Harrachov op-A"]
[Site "Harrachov"]
[Date "2009.10.28"]
[Round "6"]
[White "Strakos, Tomas"]
[Black "Kouba, Vaclav"]
[Result "1-0"]
[WhiteElo "1813"]
[BlackElo "1870"]
[PlyCount "79"]
[EventDate "2009.10.24"]
[EventType "swiss"]
[EventRounds "9"]
[EventCountry "CZE"]
[SourceTitle "EXT 2012"]
[Source "ChessBase"]
[SourceDate "2011.11.24"]
[SourceVersion "1"]
[SourceVersionDate "2011.11.24"]
[SourceQuality "1"]

1. d4 d5 2. c4 e6 3. Nf3 f5 4. Bg5 Nf6 5. e3 Be7 6. Be2 Nbd7 7. Nbd2 0-0 8. 0-0 h6 9. Bh4 b6 10. Qa4 Bb7 11. Rfd1 Ne4 12. Bg3 Nxg3 13. hxg3 g5 14. b4 g4 15. Ne5 Nxe5 16. dxe5 a5 17. b5 Qe8 18. Nb3 Rd8 19. Nd4 Qg6 20. Nc6 Bxc6 21. bxc6 Bc5 22. Qb3 dxc4 23. Bxc4 Kf7 24. Rxd8 Rxd8 25. Rd1 Re8 26. Rd7+ Re7 27. Qd3 h5 28. Rxe7+ Bxe7 29. Qd7 h4 30. gxh4 f4 31. exf4 Qb1+ 32. Kh2 Qf5 33. g3 b5 34. Bd3 Qh5 35. Qxc7 Kf8 36. Qc8+ Kf7 37. Qd7 Kf8 38. c7 Bxh4 39. gxh4 Qxh4+ 40. Kg1 1-0

[Event "Harrachov op-A"]
[Site "Harrachov"]
[Date "2009.10.27"]
[Round "4"]
[White "Binder, Jan"]
[Black "Strakos, Tomas"]
[Result "1-0"]
[WhiteElo "1752"]
[BlackElo "1813"]
[PlyCount "46"]
[EventDate "2009.10.24"]
[EventType "swiss"]
[EventRounds "9"]
[EventCountry "CZE"]
[SourceTitle "EXT 2012"]
[Source "ChessBase"]
[SourceDate "2011.11.24"]
[SourceVersion "1"]
[SourceVersionDate "2011.11.24"]
[SourceQuality "1"]

1. e4 c5 2. Nf3 d6 3. d4 cxd4 4. Nxd4 Nf6 5. Nc3 a6 6. Be3 e5 7. Nb3 Be6 8. f3 Nbd7 9. Qd2 Be7 10. g4 h6 11. 0-0-0 b5 12. Be2 Nb6 13. h4 b4 14. Nb1 a5 15. g5 Nfd7 16. gxh6 gxh6 17. Bxh6 a4 18. Na1 Bxa2 19. Bg5 f6 20. Be3 d5 21. exd5 Bxd5 22. h5 Qc7 23. Bb5 Bd6 1-0